| 000 | 00685nam a22002177a 4500 | ||
|---|---|---|---|
| 999 |
_c14872 _d14872 |
||
| 003 | AR-CdUCM | ||
| 008 | 190425b ||||| |||| 00| 0 spa d | ||
| 020 | _a978-958-4625-7 | ||
| 040 |
_aMUNICIPALIDAD PROVINCIAL DEL CUSCO _cBIBLIOTECA MUNICIPAL DEL CUSCO |
||
| 082 |
_aPI / 808.06 / _bD82 |
||
| 100 |
_aPerelman, Helen _933826 |
||
| 245 | _aRapunzel un día memorable / | ||
| 260 |
_aColombia : _bPlaneta colombiana, _c2015. |
||
| 300 |
_a88 páginas ; _c19 cm. _bIlustraciones, |
||
| 650 |
_aPrincesas _933827 |
||
| 650 |
_a Cuento infantil _933571 |
||
| 650 |
_aLiteratura infantil _9588 |
||
| 700 |
_aRomero, Graciela _933828 |
||
| 942 |
_2ddc _cLIBROS |
||
| 945 |
_arah _d25/04/2019 |
||